| 000 | 01451nam a22002531a 4500 | ||
|---|---|---|---|
| 999 |
_c5148 _d5148 |
||
| 001 | 5148 | ||
| 003 | OSt | ||
| 005 | 20260204212003.0 | ||
| 008 | 051114s2001||||dr ||||||b||||||||||spa|| | ||
| 090 | _aM-BA 2001 D354 | ||
| 100 | 1 |
_aSánchez Castillo, Ana Delia _esustentante |
|
| 245 | 1 | _aProceso de supervisión educativa en el segundo ciclo de educación básica en la zona urbana de Fantino en sector público del distrito educativo 16-02 / Ana Delia Sánchez Castillo, Francisca Ramírez Rondón, Felicia Paulino Reyes ; asesor Radhamés Aquiles Guzmán R. | |
| 260 |
_aCotuí, República Dominicana : _bUTECO, _c2001 |
||
| 300 |
_axi, 88 hojas : _c28cm. |
||
| 502 | _aMonografía (Educación Básica)--Universidad Tecnológica del Cibao Oriental, 2001 | ||
| 504 | _aIncluye referencia bibliográfica e índice | ||
| 505 | _aÍndice -- declaración de autoría -- agradecimientos -- dedicatorias--resumen -- Capítulo I: Introducción -- Capítulo II: Revisión de literatura -- Capítulo III: Metodología -- Capítulo IV: Presentación de los resultados -- Capítulo V: Discusión y análisis de los resultados | ||
| 650 | 4 | _aProceso de supervisión educativa | |
| 700 | 1 |
_a Ramírez Rondón, Francisca _esustentante |
|
| 700 | 1 |
_aPaulino Reyes, Felicia _esustentante |
|
| 700 | 1 |
_aGuzmán R, Radhamés Aquiles _easesor |
|
| 830 | _aTesis y disertaciones académicas (Universidad Tecnológica del Cibao Oriental) | ||
| 942 |
_2LC _cTH |
||